| 000 | 00869nam a2200253Ia 4500 | ||
|---|---|---|---|
| 003 | OSt | ||
| 005 | 20221005104124.0 | ||
| 006 | a|||||r|||| 00| 0 | ||
| 007 | ta | ||
| 008 | 221004b |||||||| |||| 00| 0 hin d | ||
| 024 | _a30316 | ||
| 037 | _cTextual | ||
| 040 |
_aCRL _cCRL _bhin |
||
| 041 |
_2hin _ahin |
||
| 082 | _aV1N4, 152L7 | ||
| 100 | _aशरण, आर एच | ||
| 245 | 0 | _aअन्तर्राष्ट्रीय संगठन | |
| 246 | _aAntarrāṣhṭrīya sangaṭhana | ||
| 260 |
_aदिल्ली _bदि मैकमिलन कंपनी ऑफ इंडिया लिमिटेड भारत _c1977 |
||
| 300 |
_a199पृ. _ccm. |
||
| 700 | _a पंत, टी एन | ||
| 942 |
_hV1N4, 152L7 _cTEXL _2cc |
||
| 999 |
_c1011769 _d1011769 |
||